Správa dane z nehnuteľností a vymáhanie daňových nedoplatkov

Osoby, ktoré sú daňovníkmi dane z pozemkov, dane zo stavieb a dane z bytov, sú povinné do 31. mája 2006 zaplatiť daň z nehnuteľností. Správa dane z nehnuteľností. Daňové nedoplatky.

Gespeichert in:
Bibliographische Detailangaben
1. Verfasser: Bubeníková, Irena
Format: Buchkapitel
Sprache:Slowakisch
Schlagworte:
Tags: Tag hinzufügen
Keine Tags, Fügen Sie das erste Tag hinzu!

MARC

LEADER 00000naa$a2200000$$$4500
001 0042960
005 20231106072008.5
041 0 |a slo 
044 |a SK 
245 1 0 |a Správa dane z nehnuteľností a vymáhanie daňových nedoplatkov  |c Irena Bubeníková 
520 |a Osoby, ktoré sú daňovníkmi dane z pozemkov, dane zo stavieb a dane z bytov, sú povinné do 31. mája 2006 zaplatiť daň z nehnuteľností. Správa dane z nehnuteľností. Daňové nedoplatky. 
610 2 0 |a dane z nehnuteľností 
610 2 0 |a daňovníci 
610 2 0 |a správa daňová 
610 2 0 |a nedoplatky 
100 1 |a Bubeníková, Irena